Estatuto de Recaudación aprobado por Real Decreto de 12 de diciembre de 1928
Descripción Física:
229 p. : moltes d'elles pleg. ; 22 cm
Otros Autores:
Espanya. Ministerio de Hacienda
MARC
| LEADER | 00000nam a2200000Ia 4500 | ||
|---|---|---|---|
| 001 | 10548 | ||
| 008 | 160829s1929 xx 000 0 cat d | ||
| 080 | |a M-2-206 | ||
| 100 | |a Espanya. Lleis, etc. |9 23269 | ||
| 245 | |a Estatuto de Recaudación aprobado por Real Decreto de 12 de diciembre de 1928 | ||
| 250 | |a Ed. oficial | ||
| 260 | |a Madrid : |b Ministerio de Hacienda, |c 1929 | ||
| 300 | |a 229 p. : |b moltes d'elles pleg. ; |c 22 cm | ||
| 650 | |a Impostos |x Recaptació |x Dret i legislació |x Espanya |9 23284 | ||
| 700 | |a Espanya. Ministerio de Hacienda |9 27549 | ||
| 901 | |a Arxiu | ||
| 942 | |n 1 | ||
| 952 | |0 0 |1 0 |4 0 |6 M2206 |7 1 |9 43297 |a Arxiu |b Arxiu |d 2016-12-01 |l 0 |o M-2-206 |p 10548 |r 2016-12-01 00:00:00 |w 2016-12-01 |y ARXIU | ||
| 999 | |c 45842 |d 45842 | ||